| 000 | | | 05258cac2a2200000#x 450 |
| 001 | | | d2d2d5ca-9b18-4d8b-93cd-1cc14887fb5b |
| 005 | | | 20180522110621.0 |
| 200 | 1# | $a | Гос. литературный музей. Письмо Василию Ивановичу Шухаеву |
| | $j | 10 июня 1966 года |
| 300 | ## | $a | Машинописный текст |
| 300 | ## | $a | Место хранения оригинала: Федеральное государственное бюджетное учреждение культуры "Государственный Русский музей" |
| 937 | ## | $h | ПБ |
| 801 | #0 | $a | RU |
| | $b | ПБ им. Б.Н. Ельцина |
| | $c | 20170322 |
| 801 | #1 | $2 | rusmarc |
| | $a | RU |
| | $b | ПБ им. Б.Н. Ельцина |
| 801 | #2 | $2 | rusmarc |
| | $a | RU |
| | $b | ПБ им. Б.Н. Ельцина |
| | $g | RCR |
| 856 | ## | $u | http://readingroom.main.prlib.ru/item.aspx?id_node=n96216291 |
| 100 | ## | $a | 20171208l19661966k y0rusy са |
| 101 | 0# | $a | rus |
| 102 | ## | $a | RU |
| 122 | 0# | $a | d19660610## |
| 215 | ## | $a | 1 лист |
| 251 | ## | $c | Документ |
| 345 | ## | $a | Документ поступил 13.03.1978 |
| 371 | ## | $a | Копирование данного ресурса не разрешено |
| 461 | #0 | $1 | 001923fee80-9b0a-41f5-8c72-abe8dfdf1819 |
| | $1 | 2001 |
| | $a | Шухаевы Василий Иванович и Вера Федоровна |
| | $1 | 251 |
| | $c | Фонд |
| | $1 | 852 |
| | $j | 154 |
| 462 | #0 | $1 | 0012ee606d6-df40-491f-94f5-e79beafb5654 |
| | $1 | 2000 |
| | $a | Оп. 1 |
| | $v | Ед. хр. 133 |
| | $1 | 251 |
| | $c | Опись |
| | $1 | 852 |
| | $j | 1 |
| 850 | ## | $a | Государственный Русский музей. Отдел рукописей |
| 852 | ## | $a | ОР ГРМ |
| | $j | 133 |
| 601 | 02 | $2 | nlr_sh |
| | $3 | RU\NLR\AUTH\661402800 |
| | $a | Государственный литературный музей |
| | $c | Москва, город |
| | $j | Переписка |
| | $x | Коллекция живописи |
| 600 | #1 | $2 | nlr_sh |
| | $3 | RU\NLR\AUTH\66416649 |
| | $a | Шухаев |
| | $b | В.И. |
| | $f | 1887 - 1973 |
| | $g | Василий Иванович |
| | $j | Переписка |
| 604 | ## | $1 | 5011 |
| | $2 | prlib_sh |
| | $3 | LIBNET\UAF\0000069958 |
| | $a | Произведения |
| | $j | Переписка |
| | $1 | 700 1 |
| | $a | Шухаев |
| | $b | В.И. |
| | $f | 1887-1973 |
| | $g | Василий Иванович |
| 605 | ## | $2 | acquisition_Prlib |
| | $3 | DITM\AF\0000003834 |
| | $a | Народ |
| | $l | коллекция |
| 605 | ## | $a | Россия в лицах |
| | $l | коллекция |
| | $2 | acquisition_Prlib$3DITM\AF\0000004166 |
| 686 | ## | $2 | rubbk |
| | $a | 85.103(2=411.2)6-8ю1 |
| | $v | LBC/M |
| 686 | ## | $a | 63.3(2)633-8ю1 |
| | $v | LBC/M |
| | $2 | rubbk |